[Event "DEM U18 2014"]
[Site "Magdeburg GER"]
[Date "2014.06.08"]
[Round "2"]
[White "Moritz, Aron"]
[Black "Lampert, Jonas"]
[Result "0-1"]
[Termination "normal"]
[Board "1"]
[WhiteElo "2183"]
[BlackElo "2397"]
[WhiteClock "00:00:40"]
[BlackClock "00:03:52"]
[PlyCount "76"]
[WhiteFideId "24672319"]
[BlackFideId "1303759"]
[EventCountry "GER"]
[EventRounds "9"]
[EventType "swiss"]
[EventDate "2014.06.07"]

1. e4 e5 2. Nf3 Nc6 3. d4 exd4 4. Nxd4 Bc5 5. Nb3 Bb4+ 6. c3 Be7 7. f4 d6 8.
Bd3 Nf6 9. O-O O-O 10. h3 d5 11. N1d2 dxe4 12. Nxe4 Re8 13. Qf3 Be6 14. Rd1 Qc8
15. Be3 Bf5 16. Nec5 Bxd3 17. Rxd3 Bd6 18. g4 Nd7 19. Nxd7 Qxd7 20. Bc5 Qe7 21.
Bxd6 cxd6 22. Rad1 Rad8 23. Nd4 Nxd4 24. Rxd4 h6 25. R4d2 Qh4 26. Kg2 Re6 27.
f5 Re5 28. Qf2 Qe7 29. f6 gxf6 30. Rf1 Kg7 31. Qxa7 h5 32. Rdf2 hxg4 33. hxg4
Re4 34. Rf4 Rh8 35. R1f3 Re2+ 36. Rf2 Re1 37. Qd4 Rg1+ 38. Kxg1 Qe1+ 0-1

[Event "DEM U18 2014"]
[Site "Magdeburg GER"]
[Date "2014.06.08"]
[Round "2"]
[White "Carow, Johannes"]
[Black "Galkin, Wladislaw"]
[Result "1-0"]
[Termination "normal"]
[Board "2"]
[WhiteTitle "FM"]
[WhiteElo "2393"]
[BlackElo "2109"]
[WhiteClock "01:02:43"]
[BlackClock "00:52:19"]
[PlyCount "39"]
[WhiteFideId "24692050"]
[BlackFideId "4603192"]
[EventCountry "GER"]
[EventRounds "9"]
[EventType "swiss"]
[EventDate "2014.06.07"]

1. d4 d5 2. c4 e6 3. Nc3 Nf6 4. cxd5 exd5 5. Bg5 Nbd7 6. e3 Be7 7. Bd3 c6 8.
Qc2 O-O 9. Nf3 Re8 10. O-O-O Nf8 11. Rdg1 Ne4 12. Bxe7 Qxe7 13. Bxe4 dxe4 14.
Nd2 f5 15. h3 Nd7 16. g4 Nf6 17. gxf5 Bxf5 18. Rg5 g6 19. f4 exf3 20. Qxf5 1-0

[Event "DEM U18 2014"]
[Site "Magdeburg GER"]
[Date "2014.06.08"]
[Round "2"]
[White "Ruff, Maximilian"]
[Black "Noe, Christopher"]
[Result "0-1"]
[Termination "normal"]
[Board "3"]
[BlackTitle "FM"]
[WhiteElo "2166"]
[BlackElo "2328"]
[WhiteClock "00:30:03"]
[BlackClock "00:48:08"]
[PlyCount "84"]
[WhiteFideId "1271670"]
[BlackFideId "24692018"]
[EventCountry "GER"]
[EventRounds "9"]
[EventType "swiss"]
[EventDate "2014.06.07"]

1. e4 Nf6 2. e5 Nd5 3. Nc3 Nb6 4. d4 d5 5. exd6 cxd6 6. Bd3 g6 7. h3 Bg7 8. Nf3
O-O 9. O-O e5 10. dxe5 dxe5 11. Re1 Nc6 12. Bg5 f6 13. Bh4 Re8 14. Qe2 Be6 15.
Bb5 Qc7 16. Ne4 a6 17. Bxc6 Qxc6 18. b3 g5 19. Bg3 h6 20. Rac1 Bf7 21. Ned2
Rad8 22. Nf1 e4 23. N3d2 f5 24. c4 Nd7 25. b4 Qa4 26. c5 Qxa2 27. c6 bxc6 28.
Rxc6 f4 29. Bh2 Nb8 30. Rc5 Bf8 31. Ra5 Qe6 32. Ra4 Rd4 33. Rb1 Qd7 34. Raa1
Bxb4 35. Nb3 Rd5 36. Kh1 a5 37. Rd1 Nc6 38. Nbd2 Qe7 39. Nc4 Rxd1 40. Rxd1 a4
41. Nb6 a3 42. Qb5 Qc5 0-1

[Event "DEM U18 2014"]
[Site "Magdeburg GER"]
[Date "2014.06.08"]
[Round "2"]
[White "Gibicar, Danijel"]
[Black "Kvetny, Mark"]
[Result "1/2-1/2"]
[Termination "normal"]
[Board "4"]
[WhiteElo "2181"]
[BlackElo "2279"]
[WhiteClock "00:22:40"]
[BlackClock "00:18:56"]
[PlyCount "95"]
[WhiteFideId "24660256"]
[BlackFideId "24603929"]
[EventCountry "GER"]
[EventRounds "9"]
[EventType "swiss"]
[EventDate "2014.06.07"]

1. d4 Nf6 2. Nf3 e6 3. e3 c5 4. Bd3 b6 5. c4 Bb7 6. O-O Be7 7. Nc3 cxd4 8. exd4
d5 9. cxd5 Nxd5 10. Ne5 O-O 11. Re1 Nd7 12. Bd2 Nb4 13. Bb1 Nxe5 14. dxe5 Qd4
15. Be4 Rad8 16. Bf4 Qxd1 17. Raxd1 Bxe4 18. Rxe4 Nxa2 19. Ra1 Nxc3 20. bxc3
Rd7 21. Kf1 Rc8 22. Rea4 Rcc7 23. Be3 f6 24. Bd4 Kf7 25. Ke2 fxe5 26. Bxe5 Rb7
27. Rf4+ Bf6 28. Ra6 Ke7 29. Re4 Bxe5 30. Rxe5 Rbc7 31. Re3 Rd5 32. Rd3 Kd6 33.
c4 Rxc4 34. Rxd5+ exd5 35. Rxa7 Rc7 36. Ra2 d4 37. Rb2 Kc5 38. Rc2+ Kd6 39. Rb2
Rc6 40. Kd3 Kc5 41. Re2 Kd5 42. Re7 Kd6 43. Re2 Kd5 44. Re7 Rc3+ 45. Kd2 Ra3
46. Rxg7 Ra2+ 47. Kd3 Rxf2 48. Rg5+ 1/2-1/2

[Event "DEM U18 2014"]
[Site "Magdeburg GER"]
[Date "2014.06.08"]
[Round "2"]
[White "Grötzbach, Julian"]
[Black "Krause, Benedict"]
[Result "1-0"]
[Termination "normal"]
[Board "5"]
[WhiteElo "2197"]
[BlackElo "2255"]
[WhiteClock "00:01:37"]
[BlackClock "00:00:35"]
[PlyCount "73"]
[WhiteFideId "24600938"]
[BlackFideId "12917990"]
[EventCountry "GER"]
[EventRounds "9"]
[EventType "swiss"]
[EventDate "2014.06.07"]

1. e4 c6 2. d4 d5 3. Nc3 dxe4 4. Nxe4 Bf5 5. Ng3 Bg6 6. Nh3 Nf6 7. Bc4 e6 8.
Nf4 Bd6 9. Nxg6 hxg6 10. O-O Qc7 11. Qf3 Nbd7 12. Bb3 O-O 13. Bg5 c5 14. dxc5
Nxc5 15. c3 Nxb3 16. axb3 Nd5 17. Ra4 Be7 18. Rc4 Qd7 19. Bxe7 Qxe7 20. Rd1 a5
21. Rcd4 b5 22. Qe2 Qb7 23. Ne4 Qb6 24. Qd3 Rad8 25. Qd2 Rc8 26. Qg5 Qc7 27. g3
Rce8 28. Qh4 f6 29. c4 bxc4 30. bxc4 Nb6 31. Nd6 Rd8 32. Qg4 f5 33. Qe2 Qe7 34.
Qe5 Nd7 35. Qxa5 Ra8 36. Qc7 Rfd8 37. Nxf5 1-0

[Event "DEM U18 2014"]
[Site "Magdeburg GER"]
[Date "2014.06.08"]
[Round "2"]
[White "Möhn, Hans"]
[Black "Ott, Florian"]
[Result "0-1"]
[Termination "normal"]
[Board "6"]
[WhiteElo "2222"]
[BlackElo "2133"]
[WhiteClock "00:13:48"]
[BlackClock "00:10:01"]
[PlyCount "54"]
[WhiteFideId "24647837"]
[BlackFideId "12900281"]
[EventCountry "GER"]
[EventRounds "9"]
[EventType "swiss"]
[EventDate "2014.06.07"]

1. Nf3 c5 2. e4 d6 3. d4 cxd4 4. Nxd4 Nf6 5. Nc3 a6 6. Be3 e5 7. Nb3 Be6 8. f4
exf4 9. Bxf4 Nc6 10. Qe2 Be7 11. h3 Nd7 12. O-O-O Nce5 13. Kb1 Rc8 14. Qe3 O-O
15. Be2 b5 16. Nd4 Re8 17. Qg3 Bh4 18. Qh2 Bf6 19. Nxe6 fxe6 20. Rxd6 b4 21.
Nd1 g5 22. Be3 Qc7 23. Rd2 Nc5 24. Bxc5 Qxc5 25. Qg3 Red8 26. Rxd8+ Rxd8 27.
Qe3 Rxd1+ 0-1

[Event "DEM U18 2014"]
[Site "Magdeburg GER"]
[Date "2014.06.08"]
[Round "2"]
[White "Yankelevich, Lev"]
[Black "Kramer, Julian"]
[Result "1-0"]
[Termination "normal"]
[Board "7"]
[WhiteElo "2343"]
[BlackElo "2129"]
[WhiteClock "00:12:52"]
[BlackClock "00:07:14"]
[PlyCount "79"]
[WhiteFideId "24684074"]
[BlackFideId "12921742"]
[EventCountry "GER"]
[EventRounds "9"]
[EventType "swiss"]
[EventDate "2014.06.07"]

1. e4 c5 2. Nf3 d6 3. Nc3 a6 4. d4 cxd4 5. Nxd4 Nf6 6. h3 e6 7. g4 Be7 8. Bg2
Nfd7 9. O-O Nc6 10. f4 Nxd4 11. Qxd4 Qb6 12. Qxb6 Nxb6 13. a4 Nd7 14. a5 Nf8
15. Na4 Bd7 16. Nb6 Rb8 17. Rd1 Bc6 18. c4 Nd7 19. Nxd7 Bxd7 20. Be3 Rc8 21. b3
e5 22. f5 h6 23. Ra2 Rc6 24. Rad2 Bd8 25. Rd5 Bc7 26. Bf1 b6 27. axb6 Bxb6 28.
Bxb6 Rxb6 29. c5 Rc6 30. Rxd6 Rxd6 31. Rxd6 Bb5 32. Bxb5+ axb5 33. Rb6 Kd7 34.
b4 Kc7 35. Rxb5 Rd8 36. Ra5 Rd4 37. b5 Kb8 38. b6 Rxe4 39. Ra7 h5 40. c6 1-0

[Event "DEM U18 2014"]
[Site "Magdeburg GER"]
[Date "2014.06.08"]
[Round "2"]
[White "Powierski, Emil"]
[Black "Tennert, Simon"]
[Result "1-0"]
[Termination "normal"]
[Board "8"]
[WhiteElo "2286"]
[BlackElo "2190"]
[WhiteClock "00:10:30"]
[BlackClock "00:05:10"]
[PlyCount "103"]
[WhiteFideId "4656199"]
[BlackFideId "1270445"]
[EventCountry "GER"]
[EventRounds "9"]
[EventType "swiss"]
[EventDate "2014.06.07"]

1. e4 e5 2. Nf3 Nc6 3. Bb5 Nf6 4. O-O Bc5 5. Nxe5 Nxe5 6. d4 Nxe4 7. dxc5 Qe7
8. Qd4 a6 9. Qxe4 axb5 10. Nc3 c6 11. Re1 f6 12. Kh1 Kf7 13. Qd4 Qe6 14. Ne4 h6
15. Nd6+ Kg8 16. Bf4 Qd5 17. Bxe5 fxe5 18. Qg4 Qxc5 19. Qg6 Qd5 20. Rad1 Qe6
21. Qg3 Kh7 22. Rxe5 Qg6 23. Qb3 Ra4 24. Re3 Rf8 25. f3 Rh4 26. Qd3 Rhf4 27.
Qxg6+ Kxg6 28. Kg1 b6 29. Re7 Ba6 30. Rxd7 b4 31. Ra7 Bc4 32. a3 bxa3 33. Rxa3
Bd5 34. Ra7 R4f6 35. Rd7 Be6 36. Re7 Rd8 37. Rd2 Bg8 38. Ne4 Rxd2 39. Nxd2 Rd6
40. Re2 c5 41. Kf2 Rd4 42. Ne4 Rb4 43. c3 Ra4 44. Rd2 Ra1 45. Rd6+ Kf5 46. Rxb6
c4 47. Ng3+ Ke5 48. Nh5 Rb1 49. Nxg7 Bh7 50. Re6+ Kf4 51. g3+ Kg5 52. h4# 1-0

[Event "DEM U18 2014"]
[Site "Magdeburg GER"]
[Date "2014.06.08"]
[Round "2"]
[White "Weber, Daniel"]
[Black "Müller, Nick"]
[Result "0-1"]
[Termination "normal"]
[Board "9"]
[WhiteElo "2007"]
[BlackElo "2120"]
[PlyCount "50"]
[WhiteFideId "24615498"]
[BlackFideId "24692093"]
[EventCountry "GER"]
[EventRounds "9"]
[EventType "swiss"]
[EventDate "2014.06.07"]

1. e4 e5 2. Nf3 Nc6 3. Bc4 Bc5 4. O-O Nf6 5. d4 Bxd4 6. Nxd4 Nxd4 7. f4 d6 8.
fxe5 dxe5 9. Bg5 Be6 10. Na3 Qe7 11. c3 Bxc4 12. Nxc4 Ne6 13. Bxf6 Qc5+ 14. Kh1
gxf6 15. Nd2 O-O-O 16. Qc2 Rhg8 17. g3 Qc6 18. Rf2 f5 19. Nf3 fxe4 20. Nxe5 Qd5
21. Nxf7 e3+ 22. Rg2 Rdf8 23. Rd1 Qh5 24. Qa4 Rxf7 25. g4 Qc5 0-1

[Event "DEM U18 2014"]
[Site "Magdeburg GER"]
[Date "2014.06.08"]
[Round "2"]
[White "Humburg, Philipp"]
[Black "Holle, Cedric"]
[Result "0-1"]
[Termination "normal"]
[Board "10"]
[WhiteElo "2102"]
[BlackElo "1964"]
[PlyCount "88"]
[WhiteFideId "24656151"]
[BlackFideId "24692158"]
[EventCountry "GER"]
[EventRounds "9"]
[EventType "swiss"]
[EventDate "2014.06.07"]

1. Nf3 Nf6 2. c4 c6 3. d4 d5 4. e3 e6 5. b3 Be7 6. Bd3 O-O 7. Bb2 Nbd7 8. O-O
Re8 9. Nbd2 Qc7 10. Ne5 dxc4 11. bxc4 c5 12. Qf3 Bd6 13. Qg3 Nh5 14. Qh3 Nhf6
15. f4 b6 16. Ndf3 Re7 17. Ng5 Nf8 18. Ng4 e5 19. Nxf6+ gxf6 20. Bxh7+ Kg7 21.
f5 exd4 22. Qg4 fxg5 23. f6+ Kh6 24. Bf5 Bxh2+ 25. Kh1 Rxe3 26. Bc1 Bxf5 27.
Qxf5 Rae8 28. Bxe3 Rxe3 29. Rae1 Bg3 30. Rxe3 dxe3 31. Qh3+ Bh4 32. Qxe3 Ng6
33. Rd1 Qe5 34. Qf3 Bg3 35. a4 Nh4 36. Qg4 Qe3 37. Rf1 Bf4 38. Rd1 Qf2 39. Rb1
Kg6 40. Qh3 Nf5 41. Qf3 Ng3+ 42. Kh2 Ne4+ 43. Kh1 Qh4+ 44. Kg1 Qh2+ 0-1

[Event "DEM U18 2014"]
[Site "Magdeburg GER"]
[Date "2014.06.08"]
[Round "2"]
[White "Zimmermann, Christian"]
[Black "Xu, Xianliang"]
[Result "1/2-1/2"]
[Termination "normal"]
[Board "11"]
[WhiteElo "2068"]
[BlackElo "2097"]
[PlyCount "163"]
[WhiteFideId "24692069"]
[BlackFideId "4603230"]
[EventCountry "GER"]
[EventRounds "9"]
[EventType "swiss"]
[EventDate "2014.06.07"]

1. e4 c5 2. Nf3 Nc6 3. d4 cxd4 4. Nxd4 g6 5. c4 Nf6 6. Nc3 d6 7. Be2 Nxd4 8.
Qxd4 Bg7 9. Be3 O-O 10. Qd2 Be6 11. Rc1 Qa5 12. O-O Rfc8 13. b3 a6 14. Bf3 Qc7
15. Rc2 Nd7 16. Rfc1 Ne5 17. Be2 Qd8 18. h3 Nd7 19. f4 Nc5 20. Bf3 Qa5 21. Qe2
Rab8 22. Bd2 Qd8 23. Kh1 Bd7 24. Nd5 b5 25. Be3 b4 26. Bf2 e6 27. Ne3 Qe7 28.
Rd1 Rb6 29. Nf1 Be8 30. Nd2 Qc7 31. Nb1 a5 32. Nd2 Rcb8 33. Be3 Ra6 34. Qf2 Rc8
35. g4 a4 36. f5 Be5 37. Qh4 axb3 38. axb3 Bg7 39. f6 Bh8 40. g5 Ra3 41. Rb1
Bc6 42. Qg3 Bb7 43. Bf4 e5 44. Be3 Rca8 45. Qg1 R8a5 46. Bxc5 Rxc5 47. Nf1 Qc8
48. Qg2 Qa8 49. Ne3 Qd8 50. Rd2 Rca5 51. Rbd1 Ra1 52. Qf1 Rxd1 53. Qxd1 Ra6 54.
Ng4 h5 55. Ne3 Qa8 56. Qc2 Qc8 57. Kh2 Qc5 58. Qd3 Ra1 59. Bd1 Ra6 60. Nc2 Qb6
61. Re2 Qa5 62. Re3 Qc5 63. Qd2 Rb6 64. Bf3 Qa5 65. Rd3 Qc5 66. Ne3 Ra6 67. Nd5
Ra1 68. Bd1 Qa7 69. Nxb4 Rxd1 70. Qe3 Qa1 71. Rxd1 Qxd1 72. Nd5 Bxd5 73. cxd5
h4 74. Qf2 Qh5 75. Qe3 Qd1 76. Qf2 Qxb3 77. Qxh4 Qc2+ 78. Kg1 Qd1+ 79. Kf2 Qc2+
80. Kf1 Qd1+ 81. Kf2 Qc2+ 82. Kf1 1/2-1/2

[Event "DEM U18 2014"]
[Site "Magdeburg GER"]
[Date "2014.06.08"]
[Round "2"]
[White "Grimm, Julius"]
[Black "Urban, Lars"]
[Result "1-0"]
[Termination "normal"]
[Board "12"]
[WhiteElo "1959"]
[BlackElo "2119"]
[PlyCount "78"]
[WhiteFideId "12916986"]
[BlackFideId "4644034"]
[EventCountry "GER"]
[EventRounds "9"]
[EventType "swiss"]
[EventDate "2014.06.07"]

1. d4 d5 2. c4 e6 3. Nc3 Nf6 4. Nf3 Nbd7 5. cxd5 exd5 6. Bg5 Be7 7. Qc2 O-O 8.
e3 Re8 9. Bd3 c6 10. O-O Nf8 11. h3 Ng6 12. Bxf6 Bxf6 13. b4 b6 14. b5 c5 15.
Rac1 cxd4 16. exd4 Be6 17. Rfe1 Rc8 18. Qb1 Bg5 19. Nxg5 Qxg5 20. Re3 Rc7 21.
Bxg6 hxg6 22. Rce1 Rec8 23. Qb3 Rc4 24. Ne2 Bf5 25. Qa3 Be4 26. Ng3 Rxd4 27.
Qxa7 Rc2 28. Qxb6 Rdd2 29. Rxe4 dxe4 30. Nxe4 Qe7 31. Qe3 Rd8 32. a4 Qb4 33.
Ng5 Rcc8 34. Qe7 Qxe7 35. Rxe7 Ra8 36. Nxf7 Rd1+ 37. Kh2 Rxa4 38. Ng5 Ra8 39.
Ne6 Re1 1-0

[Event "DEM U18 2014"]
[Site "Magdeburg GER"]
[Date "2014.06.08"]
[Round "2"]
[White "Stahnecker, Ludwig"]
[Black "Schreiber, Kevin"]
[Result "1-0"]
[Termination "normal"]
[Board "13"]
[WhiteElo "2126"]
[BlackElo "1958"]
[PlyCount "95"]
[WhiteFideId "24692026"]
[BlackFideId "24655830"]
[EventCountry "GER"]
[EventRounds "9"]
[EventType "swiss"]
[EventDate "2014.06.07"]

1. e4 d5 2. exd5 Qxd5 3. Nc3 Qd6 4. d4 Nf6 5. Nf3 c6 6. Ne5 Nbd7 7. f4 Nb6 8.
g4 h5 9. g5 Nfd7 10. Bg2 Nxe5 11. fxe5 Qc7 12. O-O g6 13. a4 Be6 14. a5 Nd5 15.
Ne4 Qc8 16. c4 Nc7 17. Qa4 Bh3 18. d5 Bxg2 19. Kxg2 Qg4+ 20. Ng3 h4 21. Rf4 Qd7
22. dxc6 Qxc6+ 23. Qxc6+ bxc6 24. Ne2 Ne6 25. Rf3 Rh5 26. b4 Nxg5 27. Re3 Ne6
28. b5 Bh6 29. Re4 Nc5 30. Rg4 Nb3 31. Rb1 Nxc1 32. Nxc1 cxb5 33. cxb5 h3+ 34.
Kg3 Bxc1 35. Rxc1 Rxe5 36. Rb4 Rb8 37. b6 Rxa5 38. b7 Kd7 39. Rd4+ Ke6 40. Rb4
Rd5 41. Rc8 Rd3+ 42. Kh4 Rxb7 43. Rxb7 Re3 44. Rxa7 Kf6 45. Rc4 g5+ 46. Kg4 Kg6
47. Ra5 e6 48. Rxg5+ 1-0

[Event "DEM U18 2014"]
[Site "Magdeburg GER"]
[Date "2014.06.08"]
[Round "2"]
[White "Brinkmann, Fabian"]
[Black "Pixa, Richard"]
[Result "1/2-1/2"]
[Termination "normal"]
[Board "14"]
[WhiteElo "1821"]
[BlackElo "1957"]
[PlyCount "97"]
[WhiteFideId "24661414"]
[BlackFideId "4626095"]
[EventCountry "GER"]
[EventRounds "9"]
[EventType "swiss"]
[EventDate "2014.06.07"]

1. e4 e6 2. d4 d5 3. Nc3 Nf6 4. Bg5 Bb4 5. e5 h6 6. Bd2 Bxc3 7. bxc3 Ne4 8. Qg4
Kf8 9. Bd3 Nxd2 10. Kxd2 c5 11. f4 Nc6 12. Nf3 c4 13. Be2 b5 14. Qh3 a5 15. a3
Rb8 16. g4 b4 17. axb4 axb4 18. cxb4 Rxb4 19. Ra8 Rb8 20. Rha1 Qb6 21. Rxb8
Qxb8 22. Qf1 Qb4+ 23. Kd1 Qb2 24. Ra8 Ke7 25. Qf2 Qb7 26. Ra1 Bd7 27. Qe3 Ra8
28. Qc1 Rxa1 29. Qxa1 Qb4 30. c3 Qb6 31. Qa3+ Ke8 32. Kc1 Na7 33. Ne1 Nb5 34.
Qa8+ Ke7 35. Nc2 Bc6 36. Qa2 Kd7 37. Kd2 f6 38. Qb2 fxe5 39. fxe5 Qa5 40. Qb4
Qd8 41. Na3 Qe7 42. Qxe7+ Kxe7 43. Nxb5 Bxb5 44. Bd1 Be8 45. Kc1 Bg6 46. Kb2
Be4 47. Ka3 Kd7 48. Kb4 g5 49. Kc5 1/2-1/2

[Event "DEM U18 2014"]
[Site "Magdeburg GER"]
[Date "2014.06.08"]
[Round "2"]
[White "Meyers, Mark"]
[Black "Adiyaman, Rene"]
[Result "1-0"]
[Termination "normal"]
[Board "15"]
[WhiteElo "1987"]
[BlackElo "1837"]
[PlyCount "77"]
[WhiteFideId "12927716"]
[BlackFideId "12910414"]
[EventCountry "GER"]
[EventRounds "9"]
[EventType "swiss"]
[EventDate "2014.06.07"]

1. c4 Nf6 2. Nf3 c6 3. g3 d5 4. b3 Bg4 5. Bg2 e6 6. Bb2 Bd6 7. O-O O-O 8. d4
Nbd7 9. Nbd2 Qe7 10. Ne5 Bh5 11. Ndf3 Ba3 12. Bxa3 Qxa3 13. c5 Rfe8 14. Qc2
Bxf3 15. Nxd7 Nxd7 16. Bxf3 e5 17. e3 exd4 18. exd4 Qa5 19. Rab1 Qc7 20. b4 a6
21. a4 Nf6 22. b5 cxb5 23. axb5 b6 24. Rfc1 Rec8 25. bxa6 bxc5 26. Qxc5 Qd7 27.
Qb6 Rxc1+ 28. Rxc1 h6 29. Qb7 Ra7 30. Rc8+ Kh7 31. Qxd7 Rxd7 32. Rb8 Rc7 33.
Rb7 Rc1+ 34. Kg2 Ra1 35. Be2 Kg6 36. Bd3+ Kh5 37. Rxf7 Ra3 38. a7 Ne8 39. Rd7
1-0

[Event "DEM U18 2014"]
[Site "Magdeburg GER"]
[Date "2014.06.09"]
[Round "3"]
[White "Lampert, Jonas"]
[Black "Grötzbach, Julian"]
[Result "1/2-1/2"]
[Termination "normal"]
[Board "1"]
[WhiteElo "2397"]
[BlackElo "2197"]
[WhiteClock "00:28:55"]
[BlackClock "00:30:15"]
[PlyCount "83"]
[WhiteFideId "1303759"]
[BlackFideId "24600938"]
[EventCountry "GER"]
[EventRounds "9"]
[EventType "swiss"]
[EventDate "2014.06.07"]

1. d4 d5 2. c4 c6 3. Nf3 Nf6 4. Nbd2 Bf5 5. Nh4 Bg6 6. Qb3 Qc7 7. Nxg6 hxg6 8.
g3 e6 9. Bg2 Bd6 10. O-O O-O 11. e4 dxe4 12. Nxe4 Nxe4 13. Bxe4 Nd7 14. Bg2 e5
15. dxe5 Bxe5 16. Be3 b6 17. Rad1 Rad8 18. Qc2 c5 19. f4 Bf6 20. Bd5 Nb8 21.
Qg2 Rfe8 22. Rfe1 Re7 23. b3 Rde8 24. Bf2 Rxe1+ 25. Rxe1 Rxe1+ 26. Bxe1 Bd4+
27. Kf1 Qe7 28. Qe2 Qxe2+ 29. Kxe2 Nd7 30. Kf3 Kf8 31. g4 Ke7 32. g5 Nf8 33. h4
Ne6 34. Bg3 Bc3 35. Bxe6 Kxe6 36. Ke4 Bb2 37. Bf2 Bc3 38. Bg3 Bb2 39. Be1 a5
40. Bf2 Bc3 41. Bg3 Bd4 42. Be1 1/2-1/2

[Event "DEM U18 2014"]
[Site "Magdeburg GER"]
[Date "2014.06.09"]
[Round "3"]
[White "Noe, Christopher"]
[Black "Carow, Johannes"]
[Result "1/2-1/2"]
[Termination "normal"]
[Board "2"]
[WhiteTitle "FM"]
[BlackTitle "FM"]
[WhiteElo "2328"]
[BlackElo "2393"]
[WhiteClock "01:18:50"]
[BlackClock "00:46:07"]
[PlyCount "47"]
[WhiteFideId "24692018"]
[BlackFideId "24692050"]
[EventCountry "GER"]
[EventRounds "9"]
[EventType "swiss"]
[EventDate "2014.06.07"]

1. c4 c5 2. Nf3 b6 3. d4 cxd4 4. Nxd4 Bb7 5. Nc3 Nf6 6. f3 e6 7. e4 a6 8. Be2
d6 9. O-O Be7 10. Be3 O-O 11. Qd2 Qc7 12. a4 Nc6 13. Nxc6 Bxc6 14. a5 bxa5 15.
Rfc1 Qb7 16. Rxa5 Bd8 17. Raa1 Bb6 18. b4 Bxe3+ 19. Qxe3 Qxb4 20. Rcb1 Qc5 21.
Qxc5 dxc5 22. Rb6 Rfc8 23. Raxa6 Rxa6 24. Rxa6 1/2-1/2

[Event "DEM U18 2014"]
[Site "Magdeburg GER"]
[Date "2014.06.09"]
[Round "3"]
[White "Ott, Florian"]
[Black "Yankelevich, Lev"]
[Result "1/2-1/2"]
[Termination "normal"]
[Board "3"]
[WhiteElo "2133"]
[BlackElo "2343"]
[WhiteClock "00:17:13"]
[BlackClock "00:15:20"]
[PlyCount "58"]
[WhiteFideId "12900281"]
[BlackFideId "24684074"]
[EventCountry "GER"]
[EventRounds "9"]
[EventType "swiss"]
[EventDate "2014.06.07"]

1. d4 Nf6 2. c4 g6 3. Nc3 Bg7 4. e4 d6 5. Nf3 O-O 6. Be2 e5 7. Be3 Nbd7 8. O-O
Re8 9. d5 Nc5 10. Nd2 a5 11. a3 Bd7 12. b4 axb4 13. axb4 Rxa1 14. Qxa1 Na6 15.
Rb1 Ng4 16. Bxg4 Bxg4 17. f3 Bc8 18. c5 dxc5 19. bxc5 Bf8 20. Nb3 f5 21. Rd1 f4
22. Bf2 g5 23. c6 bxc6 24. dxc6 Qf6 25. Qa4 Nb4 26. Nc5 Bxc5 27. Bxc5 Na6 28.
Nd5 Qf7 29. Bf2 Kg7 1/2-1/2

[Event "DEM U18 2014"]
[Site "Magdeburg GER"]
[Date "2014.06.09"]
[Round "3"]
[White "Kvetny, Mark"]
[Black "Powierski, Emil"]
[Result "1/2-1/2"]
[Termination "normal"]
[Board "4"]
[WhiteElo "2279"]
[BlackElo "2286"]
[WhiteClock "00:04:00"]
[BlackClock "00:01:35"]
[PlyCount "73"]
[WhiteFideId "24603929"]
[BlackFideId "4656199"]
[EventCountry "GER"]
[EventRounds "9"]
[EventType "swiss"]
[EventDate "2014.06.07"]

1. d4 Nf6 2. c4 g6 3. Nc3 Bg7 4. e4 d6 5. Be2 O-O 6. Bg5 h6 7. Be3 c5 8. e5
dxe5 9. dxe5 Qxd1+ 10. Rxd1 Ng4 11. Bxc5 Nxe5 12. Nd5 Na6 13. Bxe7 Re8 14. Bf6
Be6 15. Bxg7 Kxg7 16. b3 Bxd5 17. Rxd5 Nb4 18. Rd2 Rad8 19. Rxd8 Rxd8 20. Nf3
Ned3+ 21. Bxd3 Nxd3+ 22. Kf1 Nc1 23. Ke1 Nd3+ 24. Kf1 Nf4 25. g3 Rd1+ 26. Ne1
Ne6 27. Ke2 Ra1 28. Ke3 Kf6 29. Rg1 b6 30. Nf3 Rxa2 31. Rb1 Rc2 32. Ne1 Ra2 33.
Nd3 Ra3 34. Ke4 Ra2 35. Ke3 Ra3 36. Ke4 Ra2 37. Ne5 1/2-1/2

[Event "DEM U18 2014"]
[Site "Magdeburg GER"]
[Date "2014.06.09"]
[Round "3"]
[White "Krause, Benedict"]
[Black "Ruff, Maximilian"]
[Result "1-0"]
[Termination "normal"]
[Board "6"]
[WhiteElo "2255"]
[BlackElo "2166"]
[WhiteClock "00:04:27"]
[BlackClock "00:07:43"]
[PlyCount "65"]
[WhiteFideId "12917990"]
[BlackFideId "1271670"]
[EventCountry "GER"]
[EventRounds "9"]
[EventType "swiss"]
[EventDate "2014.06.07"]

1. e4 c5 2. Nf3 e6 3. d4 cxd4 4. Nxd4 a6 5. Nc3 Qc7 6. Bd3 Nf6 7. O-O Nc6 8.
Nxc6 dxc6 9. f4 e5 10. Kh1 Bc5 11. Qe1 Ng4 12. Qg3 h5 13. f5 b5 14. Be2 Bb7 15.
Bxg4 hxg4 16. Qxg4 O-O-O 17. f6+ Kb8 18. fxg7 Rhg8 19. Bg5 Rd4 20. Qh5 f5 21.
Bf6 b4 22. Qh7 Qc8 23. Bxe5+ Ka8 24. Na4 Rxe4 25. Qxf5 Qxf5 26. Rxf5 Be7 27.
Nb6+ Ka7 28. Nd7 c5 29. Rf7 Bh4 30. Rf8 Rxe5 31. Rxg8 Rg5 32. Rg1 Bf2 33. Rf8
1-0

[Event "DEM U18 2014"]
[Site "Magdeburg GER"]
[Date "2014.06.09"]
[Round "3"]
[White "Grimm, Julius"]
[Black "Moritz, Aron"]
[Result "1/2-1/2"]
[Termination "normal"]
[Board "8"]
[WhiteElo "1959"]
[BlackElo "2183"]
[WhiteClock "00:23:50"]
[BlackClock "00:18:06"]
[PlyCount "41"]
[WhiteFideId "12916986"]
[BlackFideId "24672319"]
[EventCountry "GER"]
[EventRounds "9"]
[EventType "swiss"]
[EventDate "2014.06.07"]

1. d4 d6 2. e4 g6 3. c4 Bg7 4. Nc3 Nc6 5. Be3 e5 6. Nge2 exd4 7. Nxd4 Nf6 8. f3
O-O 9. Be2 Nd7 10. O-O Nxd4 11. Bxd4 Bxd4+ 12. Qxd4 Nc5 13. Rad1 Ne6 14. Qd2 f5
15. exf5 Rxf5 16. f4 Rf7 17. g3 a5 18. Bf3 Nc5 19. Ne4 Nxe4 20. Bxe4 Qf6 21. b3
1/2-1/2

[Event "DEM U18 2014"]
[Site "Magdeburg GER"]
[Date "2014.06.09"]
[Round "3"]
[White "Galkin, Wladislaw"]
[Black "Stahnecker, Ludwig"]
[Result "1/2-1/2"]
[Termination "normal"]
[Board "9"]
[WhiteElo "2109"]
[BlackElo "2126"]
[PlyCount "97"]
[WhiteFideId "4603192"]
[BlackFideId "24692026"]
[EventCountry "GER"]
[EventRounds "9"]
[EventType "swiss"]
[EventDate "2014.06.07"]

1. c4 Nf6 2. g3 e6 3. Bg2 d5 4. Nf3 Be7 5. O-O O-O 6. b3 c5 7. d3 Nc6 8. Bb2 d4
9. e3 e5 10. exd4 exd4 11. Re1 Bf5 12. Ng5 Ng4 13. Ne4 Nge5 14. a3 Qd7 15. Qe2
Bg4 16. f3 Bh3 17. Nbd2 Bxg2 18. Kxg2 Rae8 19. Nf2 Bd8 20. Nde4 b6 21. f4 Ng6
22. Qf3 f5 23. Nd2 Bf6 24. Nh3 Re3 25. Qf1 Rfe8 26. Rad1 Qe7 27. Kf2 Na5 28.
Bc1 h5 29. Nf3 Nxb3 30. Bxe3 dxe3+ 31. Ke2 Bc3 32. Nhg5 Qf6 33. Rb1 Nd2 34. Qh1
Nxb1 35. Rxb1 Qd6 36. Ne1 Bf6 37. h4 Ne7 38. Qf3 g6 39. Qxe3 Bd4 40. Qf3 Nd5+
41. Kf1 Ne3+ 42. Kg1 Nxc4+ 43. Kh1 Nxa3 44. Rd1 b5 45. Qg2 Kg7 46. Qa2 c4 47.
dxc4 Qb4 48. Nef3 Qb2 49. Qxb2 1/2-1/2